00321nam a22000857a 4500008004100000082001700041245012300058260004400181300001000225230612b xxu||||| |||| 00| 0 eng d a354.676bGOK a2016/2017 Estimates of Recurrent Expenditure of the Government for the Year Ending 30th June 2017cGovernment of Kenya aNairobibGovernment of KenyacJune 2016 a725 p